Tony Todd Filmography - Statistics

General Stats
  • This quiz has been taken 16 times
    6 since last reset
  • The average score is 26 of 271
Answer Stats
Type Year Name % Correct
Film 1992 Candyman
100%
Film 2021 Candyman
100%
Film 2000 Final Destination
75%
Film 2003 Final Destination 2
75%
Film 2006 Final Destination 3
75%
Film 2011 Final Destination 5
75%
Film 2025 Final Destination: Bloodlines
75%
TV Show 1994 Law & Order
75%
Film 2020 Tales from the Hood 3
75%
Film 1995 Candyman: Farewell to the Flesh
50%
Video Game 2024 Indiana Jones and the Great Circle
50%
Video Game 2023 Spider-Man 2
50%
TV Show 2012 Transformers Prime
50%
Film 2009 Transformers: Revenge of the Fallen
50%
TV Show 1987 Werewolf
50%
Film 2025 Werewolf Game
50%
TV Show 1987 21 Jump Street
25%
TV Show 2004, 2009 24
25%
TV Film 2008 24: Redemption
25%
TV Show 2009 Batman: The Brave and the Bold
25%
Film 2011 Beg
25%
Film 1988 Bird
25%
TV Film 1995 Black Fox
25%
TV Show 2007 Boston Legal
25%
Film 2008 Bryan Loves You
25%
Film 1998 Butter
25%
Film 2012 Changing the Game
25%
TV Show 2002 Charmed
25%
Film 1988 Colors
25%
TV Film 1990 Criminal Justice
25%
TV Show 2005 Criminal Minds
25%
Film 2008 Dark Reel
25%
Film 2017 Death House
25%
Film 2014 Disciples
25%
Film 1987 Enemy Territory
25%
Film 1993 Excessive Force
25%
Film 2015 Frankenstein
25%
Film 2017 From Jennifer
25%
Film 2006 Hatchet
25%
Film 2010 Hatchet II
25%
TV Show 2012 Hawaii Five-0
25%
TV Film 1990 Ivory Hunters
25%
TV Show 1990, 1991 Jake and the Fatman
25%
Film 1989 Lean on Me
25%
Web Series 2021 Masters of the Universe: Revelation
25%
Film 2006 Minotaur
25%
Film 2004 Murder-Set-Pieces
25%
TV Show 1996 Murder, She Wrote
25%
Film 1990 Night of the Living Dead
25%
Film 2015 Night of the Living Dead: Darkest Dawn
25%
TV Show 1997 NYPD Blue
25%
Film 2009 Penance
25%
Film 1986 Platoon
25%
Film 1986 Sleepwalk
25%
TV Show 2001 Smallville
25%
TV Show 2005, 2006 Stargate SG-1
25%
Film 2024 Stream
25%
Film 1992 Sunset Heat
25%
Film 2012 Sushi Girl
25%
Film 2024 The Bunker
25%
Film 1994 The Crow
25%
TV Film 2006 The Eden Formula
25%
TV Show 2015-2016, 2018, 2023 The Flash
25%
Film 2009 The Graves
25%
Video Game 1999 The Legend of Dragoon
25%
Film 2007 The Man from Earth
25%
TV Show 2019 The Orville
25%
Film 1996 The Rock
25%
TV Show 1994 The X-Files
25%
TV Mini-Series 1997 True Women
25%
Film 2015 VANish
25%
Film 2017 Victor Crowley
25%
Film 1997 Wishmaster
25%
TV Show 1997 Xena: Warrior Princess
25%
TV Show 2012, 2013 Young Justice
25%
Film 1987 84 Charing Cross Road
0%
Film 2015 Agoraphobia
0%
Film 2021 All Gone Wrong
0%
TV Show 2002 Andromeda
0%
TV Show 2000 Angel
0%
Film 2012 A Night at the Silent Movie Theater
0%
Film 2009 Are You Scared 2
0%
Film 2013 Army of the Damned
0%
Video Game 2018 Artifact
0%
TV Film 1999 Babylon 5: A Call to Arms
0%
Video Game 2021 Back 4 Blood
0%
Film 2019 Badland
0%
TV Film 1996 Beastmaster III: The Eye of Braxus
0%
TV Show 2017 Be Cool, Scooby-Doo!
0%
TV Show 1996 Beverly Hills, 90210
0%
Film 2016 Beyond the Game
0%
Film 2022 B***h Ass
0%
TV Film 1995 Black Fox: Good Men and Bad
0%
TV Film 1995 Black Fox: The Price of Peace
0%
Theater 2014 Black Odyssey
0%
Film 2015 Bleeding Hearts
0%
TV Show 2002 Boston Public
0%
TV Show 2014 Bravest Warriors
0%
Film 2016 Broken Cross
0%
Film 2020 Bulletproof 2
0%
Film 1995 Burnzy's Last Call
0%
Video Game 2012 Call of Duty: Black Ops II
0%
Film 2019 Candy Corn
0%
Film 1999 Candyman: Day of the Dead
0%
Film 2022 Catfish Christmas
0%
Film 1998 Caught Up
0%
Web Mini-Series 2020 Central Bark
0%
Film 2005 Checking Out
0%
Film 2007 Chicago Massacre: Richard Speck
0%
TV Show 2007-2008, 2011 Chuck
0%
TV Film 2003 Control Factor
0%
TV Show 1990 Cop Rock
0%
Short Film 2016 Cowboy's Girl
0%
TV Show 2002 Crossing Jordan
0%
TV Show 2002 CSI: Miami
0%
Film 2025 Cutter's Club
0%
Film 2005 Dark Assassin
0%
Film 2009 Dead in Love
0%
TV Show 2016 Dead of Summer
0%
Film 2013 Dead of the Nite
0%
Film 2021 Destination Marfa
0%
Web Series 2025 Devil May Cry
0%
Film 2023 Devilreaux
0%
Short Film 2023 Dixieland
0%
Short Film 2008 Dockweiler
0%
Video Game 2013 Dota 2
0%
Web Series 2021-2022 Dota: Dragon's Blood
0%
Video Game 2020 Dota Underlords
0%
Film 2011 Dream in American
0%
Film 2018 Drive Me to Vegas and Mars
0%
Film 1996 Driven
0%
Short Film 2015 Driven
0%
Film 2013 Dust of War
0%
Documentary Series 2018 Eli Roth's History of Horror
0%
Film 2012 Falling Away
0%
Short Film 2019 Fate Upside Down
0%
TV Show 1991 Father Dowling Mysteries
0%
Theater 2009 Fences
0%
Web Series 2014 Film Pigs
0%
Web Series 2012 Game Shop
0%
Music Video 2003 Gravedigger
0%
Video Game 2007 Half-Life 2: Episode Two
0%
Video Game 2020 Half-Life: Alyx
0%
TV Show 2013 Halloween Wars
0%
Short Film 2019 Heads Will Roll
0%
Film 2005 Heart of the Beholder
0%
Film 2022 Hellblazers
0%
Film 2018 Hell Fest
0%
TV Show 1995, 1998 Hercules: The Legendary Journeys
0%
TV Show 2012 Holliston
0%
TV Show 1994 Homicide: Life on the Street
0%
Film 2021 Horror Noire
0%
Film 2005 House of Grimm
0%
Short Film 2023 H.P. Lovecraft's Celephaïs
0%
Film 2019 Immortal
0%
Short Film 2018 IMTK
0%
Film 2008 iMurders
0%
Film 2021 Insight
0%
Film 2024 Inventors
0%
Documentary 2021 Invisible Threads - From Wireless to War
0%
Short Film 2005 I.O.U.
0%
Film 2011 Jack the Reaper
0%
Film 2020 Justice League Dark: Apokolips War
0%
Film 2024 Karma's a Bitch
0%
TV Show 1989 Kate & Allie
0%
TV Film 1991 Keeper of the City
0%
Film 2013 Kill Her, Not Me
0%
Theater 1999-2000 King Hedley II
0%
Video Game 2019 Layers of Fear 2
0%
Web Series 2019 Leap of Faith
0%
Film 2015 LEGO DC Comics Super Heroes: Justice League - Attack of the Legion of Doom!
0%
Film 2015 LEGO DC Comics Super Heroes: Justice League vs. Bizarro League
0%
Film 2015 Live Evil
0%
TV Film 1991 Love and Curses... And All That Jazz
0%
TV Show 1989 MacGyver
0%
Video Game 2011 Marvel Super Hero Squad Online
0%
TV Show 2006 Masters of Horror
0%
Web Series 2024 Masters of the Universe: Revolution
0%
TV Show 1990 Matlock
0%
Film 2006 Mercy Street
0%
TV Show 1996 New York Undercover
0%
TV Show 1989 Night Court
0%
Film 2021 Night Night
0%
TV Show 2005 Night Stalker
0%
Film 2008 Nite Tales: The Movie
0%
Theater 1987 No Place to Be Somebody
0%
TV Film 1987 Norman's Corner
0%
Film 1987 Peng! Du bist tot!
0%
Short Film 2014 Prelude to Axanar
0%
TV Show 2009 Psych
0%
Film 2024 Realm of Shadows
0%
Film 2019 Reign of the Supermen
0%
Film 2018 Requiem
0%
TV Show 2017 Riverdale
0%
TV Show 2017 Room 104
0%
Film 1996 Sabotage
0%
Film 2003 Scarecrow Slayer
0%
Film 2015 Scream at the Devil
0%
TV Show 2019 Scream: The TV Series
0%
Film 1998 Shadow Builder
0%
Film 2006 Shadow: Dead Riot
0%
Film 2007 Shadow Puppets
0%
Documentary TBA Sidney J. Furie: Fire Up the Carousel!
0%
Film 2002 Silence
0%
TV Show 1987 Simon & Simon
0%
Film 2020 Sky Sharks
0%
TV Show 1997 Soldier of Fortune, Inc.
0%
TV Show 2009 Splatter
0%
TV Show 1995, 1996 Star Trek: Deep Space Nine
0%
Video Game 2003 Star Trek: Elite Force II
0%
Video Game 2010 Star Trek Online
0%
TV Show 1990, 1991 Star Trek: The Next Generation
0%
Video Game 1998 Star Trek: The Next Generation: Klingon Honor Guard1
0%
TV Show 1998 Star Trek: Voyager
0%
Film 1997 Stir
0%
Film 2020 Stoker Hills
0%
Theater 2017 Sunset Baby
0%
Web Series 2020 Svengoolie
0%
TV Show 2010 Sym-Bionic Titan
0%
Film 2006 The Absence of Light
0%
Film 2023 The Activated Man
0%
TV Film 1990 The Bride in Black
0%
Theater 1998-1999 The Captain's Tiger: A Memoir for the Stage
0%
Film 2021 The Changed
0%
Film 2019 The Death and Return of Superman
0%
Film 2018 The Debt Collector
0%
Film 2024 The Devil's Disciple
0%
TV Show 2002, 2003 The District
0%
Film 1999 The Dogwalker
0%
TV Show 2010 The Event
0%
Short Film 2007 The Eyes of Samir
0%
Film 2011 The Family
0%
Film 2024 The Family Business
0%
Film 2018 The Final Wish
0%
Theater 2023 The First Deep Breath
0%
Film 2021 The House Next Door: Meet the Blacks 2
0%
Film 2021 The Lockdown Hauntings
0%
TV Film 1996 Them
0%
Film 2007 The Mannsfield 12
0%
Film 2023 The Nana Project
0%
Film 1998 The Pandora Project
0%
Film TBA The Pitchfork Retreat
0%
Film 2005 The Prophecy: Forsaken
0%
Film 2010 The Quiet Ones
0%
Film TBA The Raven
0%
Film 2021 The Reenactment
0%
Film 2000 The Secret
0%
Film 2006 The Strange Case of Dr. Jekyll and Mr. Hyde
0%
Short Film 2014 The Sun Devil and the Princess
0%
Film 2008 The Thirst: Blood War
0%
Film TBA The Witching Hour
0%
TV Show 2013 The Young and the Restless
0%
Film 2010 Three Chris's
0%
Film 2009 Tom Cool
0%
Film 2007 Tournament of Dreams
0%
Film 2021 Traveling Light
0%
Film TBA Tuesday's Flu
0%
Film 2005 Turntable
0%
Film 2017 Two Faced
0%
TV Show 2001 UC: Undercover
0%
Film 1997 Univers'l
0%
Film 2009 Vampire in Vegas
0%
Film 1990 Voodoo Dawn
0%
Film 2018 West of Hell
0%
TV Show 2005 What's New, Scooby-Doo?
0%
Podcast 2024 Winnie Taylor's 4th & Inches
0%
TV Show 2007 Without a Trace
0%
Film 2018 Worth
0%
Web Series 2012 Zombie Family
0%
Film 2017 Zombies
0%
Theater 1994-1995 Zooman and the Sign
0%
No matching quizzes found
Score Distribution
Percent of People with Each Score
Percentile by Number Answered
Your Score History
You have not taken this quiz since the last reset